Flujo de información sobre la innovación tecnológica sobre la producción de la pimienta negra (Pimenta dioica L. Merril) en Zozocolco de Hidalgo, Veracruz / (Record no. 218967)
[ view plain ]
| 000 -CABECERA | |
|---|---|
| campo de control de longitud fija | 03231nam a2200289 a 4500 |
| 003 - IDENTIFICADOR DEL NÚMERO DE CONTROL | |
| campo de control | OSt |
| 005 - FECHA Y HORA DE LA ÚLTIMA TRANSACCIÓN | |
| campo de control | 20251110132733.0 |
| 007 - CAMPO FIJO DE DESCRIPCIÓN FÍSICA--INFORMACIÓN GENERAL | |
| campo de control de longitud fija | cr ||||||a|c|a |
| 008 - DATOS DE LONGITUD FIJA--INFORMACIÓN GENERAL | |
| campo de control de longitud fija | 230619s2019 mx adb|fom||| 001 0 spa d |
| 040 ## - FUENTE DE LA CATALOGACIÓN | |
| Normas de descripción | rda |
| 100 1# - ENTRADA PRINCIPAL--NOMBRE DE PERSONA | |
| 9 (RLIN) | 108465 |
| Nombre de persona | Solís Rosales, Humberto |
| 245 10 - MENCIÓN DE TÍTULO | |
| Título | Flujo de información sobre la innovación tecnológica sobre la producción de la pimienta negra (Pimenta dioica L. Merril) en Zozocolco de Hidalgo, Veracruz / |
| Mención de responsabilidad, etc. | por Humberto Solís Rosales; director de tesis Angel Pita Duque |
| 264 #1 - PRODUCCIÓN, PUBLICACIÓN, DISTRIBUCIÓN, FABRICACIÓN Y COPYRIGHT | |
| Producción, publicación, distribución, fabricación y copyright | Chapingo, México : |
| Nombre del de productor, editor, distribuidor, fabricante | El autor, |
| Fecha de producción, publicación, distribución, fabricación o copyright | 2019. |
| 300 ## - DESCRIPCIÓN FÍSICA | |
| Extensión | 1 recurso en línea (105 páginas): |
| Otras características físicas | Ilustraciones, cuadros, gráficas, mapas |
| 336 ## - TIPO DE CONTENIDO | |
| Fuente | rdacontent |
| Término de tipo de contenido | texto |
| Código de tipo de contenido | txt |
| 337 ## - TIPO DE MEDIO | |
| Fuente | rdamedia |
| Nombre/término del tipo de medio | computadora |
| Código del tipo de medio | c |
| 338 ## - TIPO DE SOPORTE | |
| Fuente | rdacarrier |
| Nombre/término del tipo de soporte | recurso en línea |
| Código del tipo de soporte | cr |
| 502 ## - NOTA DE TESIS | |
| Tipo de título | Maestría en Ciencias en Desarrollo Rural Regional |
| Nombre de la institución que otorga el título | Sistema de Centros Regionales Universitarios, |
| Año de obtención del título | 2019 |
| Información miscelánea | Maestría |
| 504 ## - NOTA DE BIBLIOGRAFÍA, ETC. | |
| Nota de bibliografía, etc. | Incluye referencias bibliográficas: páginas 90-92 |
| 520 ## - SUMARIO, ETC. | |
| Sumario, etc. | Este estudio se realizó en Zozocolco de Hidalgo, Veracruz, para analizar estructura y funcionamiento de la red social para el flujo de información sobre innovaciones tecnológicas para la producción de pimienta gorda. En esa localidad la producción de pimienta gorda proviene mayormente de árboles tolerados de baja productividad dispersos en las parcelas. Se aplicó una encuesta a 182 productores mediante muestreo de bola de nieve para modelar una red de 281 nodos y 947 aristas. La red tuvo baja cohesión, con densidad de 2.3 y mayores índices de centralidad de entrada que de salida, 1.6 y 4.2%, respectivamente. Casi todos de los vínculos entre actores están mediados por una relación personal cercana, al margen del parentesco. Predominan los actores con valores cero en los grados de entrada, intermediación y de centralidad Beta-Bonacich. En los grados de salida la mayor frecuencia es el valor 1 seguido por los de valor cero. La red para el flujo de información es frágil; el índice de fragmentación es alto y no se modifica significativamente (0.937-0.972) si el conjunto kp-negativo se incrementa de 1 a 10 actores clave disruptivos. El flujo de información a través de la red depende en gran medida de solo nueve actores estructuradores. En contraste con los actores clave disruptivos, la adición de cada actor estructurador al conjunto kp-positivo incrementa sustancialmente la cobertura de la red. La baja cohesión de la red se debe principalmente al grado de especialización que requiere el tipo de información que se intercambia. Esos vínculos débiles entre actores dan oportunidad a la acción institucional para promover la difusión de innovaciones tecnológicas para la producción de pimienta gorda. Tales acciones deben estar dirigidas al fortalecimiento de los vínculos entre actores para facilitar la transferencia y construcción de conocimientos, construcción de confianza, y reducción de riesgos. |
| 650 #4 - PUNTO DE ACCESO ADICIONAL DE MATERIA--TÉRMINO DE MATERIA | |
| 9 (RLIN) | 136374 |
| Término de materia o nombre geográfico como elemento de entrada | Pimienta gorda |
| Subdivisión general | Innovaciones tecnológicas |
| 650 #4 - PUNTO DE ACCESO ADICIONAL DE MATERIA--TÉRMINO DE MATERIA | |
| 9 (RLIN) | 134837 |
| Término de materia o nombre geográfico como elemento de entrada | Pimienta gorda |
| Subdivisión general | Mercadeo |
| 650 #4 - PUNTO DE ACCESO ADICIONAL DE MATERIA--TÉRMINO DE MATERIA | |
| 9 (RLIN) | 136372 |
| Término de materia o nombre geográfico como elemento de entrada | Pimienta gorda |
| Subdivisión general | Producción |
| 700 1# - PUNTO DE ACCESO ADICIONAL--NOMBRE DE PERSONA | |
| 9 (RLIN) | 88576 |
| Nombre de persona | Pita Duque, Angel |
| Término indicativo de función/relación | director. |
| 856 ## - LOCALIZACIÓN Y ACCESO ELECTRÓNICOS | |
| Identificador Uniforme del Recurso | http://10.13.5.2/tesis/tm/Solis_Rosales_Humberto.pdf |
| Nota pública | DESCARGAR PDF |
| 942 ## - ELEMENTOS DE PUNTO DE ACCESO ADICIONAL (KOHA) | |
| Fuente del sistema de clasificación o colocación | Clasificación Universidad Autónoma Chapingo |
| Tipo de ítem Koha | Tesis digital |
| Estado de retiro | Estado de pérdida | Fuente del sistema de clasificación o colocación | Estado dañado | Restricciones de uso | No para préstamo | Código de colección | Localización permanente | Ubicación/localización actual | Ubicación en estantería | Fecha de adquisición | Total de préstamos | Signatura topográfica completa | Fecha visto por última vez | Precio válido a partir de | Tipo de ítem Koha |
|---|---|---|---|---|---|---|---|---|---|---|---|---|---|---|---|
| Clasificación Universidad Autónoma de Chapingo | Préstamo interno | Tesis digitales de Maestría | Biblioteca Digital | Biblioteca Central | En línea | 19/06/2023 | Tesis digital | 19/06/2023 | 19/06/2023 | Tesis digital |
